00761nam a22002297a 450000100060000000300080000600500170001400800410003103500190007204000260009104100080011708200180012510000270014324500460017026000510021630000460026749000390031365000220035294200120037499900170038695201280040325777BD-RjUL20211209050927.0140319r19631958enkab 000 1 eng d a(BD-RjUL)25847 aBD-RjULbengcBD-RjUL aeng a920bNEG 19631 aNeilson, J. B. 979183 aGreat men of the East /cby J.B. Neilson. aLondon : bLongman, cc1958 [Impression 1963]. ax, 130 p. :bill., ports., maps ;c19 cm.1 aGreat men and great eventsvbk. 1  0aBiography.979184 2ddccBK c25777d25777 00102ddc40728FICaRUCLbRUCLcReadingd1968-11-25eZetlingerl0o920 NEG 1963r2014-03-19 00:00:00tC-1w2014-03-19yBK